Využitie relatívnych gravimetrických meraní v speleologickom prostredí

Saved in:
Bibliographic Details
Main Author: Podolský, Filip (Author)
Other Authors: Pénzešová, Laura (Thesis advisor)
Format: Manuscript Book
Language:Slovak
Published: 2024
Subjects:
Online Access:http://is.stuba.sk/zp/portal_zp.pl?podrobnosti=172495
Tags: Add Tag
No Tags, Be the first to tag this record!

MARC

LEADER 00000ntm a22000003a 4500
001 stuzp93431
003 SK-STU
005 20240629210654.2
007 ta
008 150427s2015----xo-----f-mn---000-0-slo-d
040 |a STU  |b slo 
041 0 |a slo 
100 1 |a Podolský, Filip  |u 010130  |4 aut  |U SvF Stavebná fakulta  |T SvF Katedra globálnej geodézie a geoinformatiky  |X 97010  |U V130  |Y 13  |7 97010 
242 0 1 |a Relative gravity measurements in speleological environment  |y eng 
245 1 0 |a Využitie relatívnych gravimetrických meraní v speleologickom prostredí 
260 |c 2024 
650 4 |a gravimetria  |2 slo 
650 4 |a tiažové zrýchlenie  |2 slo 
650 4 |a bouguerove anomálie  |2 slo 
650 4 |a tiažové zrýchlenie  |2 slo 
650 4 |a gravimetry  |2 eng 
650 4 |a gravity acceleration  |2 eng 
650 4 |a terrain correction  |2 eng 
650 4 |a Bouguer anomalies  |2 eng 
700 1 |a Pénzešová, Laura  |u 010130  |k Z3  |4 ths  |U SvF Stavebná fakulta  |T SvF Katedra globálnej geodézie a geoinformatiky  |X 87262  |U V130  |Y 13  |7 87262 
856 4 |u http://is.stuba.sk/zp/portal_zp.pl?podrobnosti=172495